[Event "International Championship of Central Se"]
[Site "Paracin, hotel "]
[Date "2016.07.12"]
[Round "6.41"]
[White "Sukovic, Andrej"]
[Black "Dimitrijevic, Nenad"]
[Result "1/2-1/2"]
[WhiteElo "2084"]
[BlackElo "2225"]
[PlyCount "72"]
[EventDate "2016.07.07"]

1. e4 c5 2. Nf3 a6 3. c3 e6 4. d4 d5 5. exd5 exd5 6. Be2 Nc6 7. O-O Bd6 8. dxc5
Bxc5 9. Bf4 Nge7 10. Nbd2 O-O 11. Nb3 Bd6 12. Bxd6 Qxd6 13. Qd2 Bf5 14. Nfd4
Bg6 15. f4 Be4 16. f5 Nxd4 17. Nxd4 Qf6 18. Bd3 Bxd3 19. Qxd3 Nc6 20. Rad1 Ne5
21. Qg3 Rfe8 22. Ne2 Nc4 23. Nf4 Ne3 24. Nxd5 Nxd5 25. Rxd5 Rad8 26. Rxd8 Rxd8
27. Qe3 h6 28. h3 Rd5 29. Qe4 Rb5 30. Rf2 Kh7 31. b3 b6 32. Qd4 Re5 33. Kh2 b5
34. c4 bxc4 35. bxc4 Qe7 36. Qc3 Re3 1/2-1/2

[Event "International Championship of Central Se"]
[Site "Paracin, hotel "]
[Date "2016.07.12"]
[Round "6.43"]
[White "Ozates, Tuna"]
[Black "Perovic, Zivojin"]
[Result "1/2-1/2"]
[WhiteElo "2074"]
[BlackElo "2219"]
[PlyCount "131"]
[EventDate "2016.07.07"]

1. e4 c5 2. Nf3 d6 3. Bb5+ Bd7 4. Bxd7+ Qxd7 5. O-O e6 6. d4 cxd4 7. Nxd4 Nf6
8. Re1 Be7 9. c4 O-O 10. Nc3 Nc6 11. b3 Rfd8 12. Bb2 b6 13. Qd2 a6 14. Nxc6
Qxc6 15. a4 Nd7 16. Rad1 Nc5 17. Qc2 Bf6 18. Re3 Be5 19. Rde1 Rac8 20. Rd1 Nb7
21. Red3 Nc5 22. Re3 f6 23. Ne2 b5 24. axb5 axb5 25. Nd4 Bxd4 26. Bxd4 b4 27.
Bxc5 Qxc5 28. Red3 Ra8 29. Qd2 Kf7 30. h3 Ke7 31. Qf4 Ra2 32. Qg3 g5 33. h4 h6
34. hxg5 hxg5 35. e5 Qxe5 36. Qh3 Qf5 37. Qxf5 exf5 38. c5 Ra6 39. Rd4 Rc6 40.
Re1+ Kf7 41. cxd6 Rdxd6 42. Rxb4 Rd2 43. Rc4 Ra6 44. Rc3 Raa2 45. Rf3 f4 46.
Rb1 Kg6 47. b4 Kf5 48. g3 Rdb2 49. Rxb2 Rxb2 50. gxf4 g4 51. Rc3 Rxb4 52. Kg2
Kxf4 53. Ra3 f5 54. Ra8 Rb2 55. Ra4+ Kg5 56. Ra5 Re2 57. Rb5 Rd2 58. Ra5 Kf6
59. Ra6+ Ke5 60. Rg6 Rd8 61. Kg3 Rd3+ 62. Kg2 Rd6 63. Rg8 Kf6 64. Kg3 Rd3+ 65.
Kg2 Rd7 66. Kg3 1/2-1/2

[Event "International Championship of Central Se"]
[Site "Paracin, hotel "]
[Date "2016.07.12"]
[Round "6.44"]
[White "Krasteva, Beloslava"]
[Black "Jovanovic, Sasa T"]
[Result "1/2-1/2"]
[WhiteElo "1933"]
[BlackElo "2194"]
[PlyCount "137"]
[EventDate "2016.07.07"]

1. d4 d6 2. Nf3 Bg4 3. e4 Nf6 4. Nc3 c6 5. Be2 Nbd7 6. Be3 e5 7. O-O Be7 8. h3
Bxf3 9. Bxf3 O-O 10. Be2 b5 11. Bd3 a6 12. a4 b4 13. Ne2 d5 14. dxe5 Nxe5 15.
exd5 Nxd5 16. Bd4 Bf6 17. Re1 Nxd3 18. Qxd3 Re8 19. Rad1 h6 20. Qf3 Bxd4 21.
Nxd4 Qd6 22. Nf5 Qf6 23. Qg4 g6 24. Nh4 Kg7 25. b3 Rad8 26. Nf3 Nf4 27. Rxd8
Rxd8 28. h4 a5 29. g3 Ne6 30. Qe4 Rd5 31. Kg2 Qc3 32. Re3 Qc5 33. Re1 Rf5 34.
Re2 Rd5 35. Re1 Qd6 36. Ne5 Nd4 37. Nc4 Qf6 38. Ne3 Rd6 39. Ng4 Qd8 40. Qe5+ f6
41. Qc5 h5 42. Ne3 Ne6 43. Qc4 Qd7 44. Qe2 Rd2 45. Qf3 Nd4 46. Qe4 c5 47. Nd5
Nf5 48. Nf4 Kh6 49. Qa8 Qd8 50. Qxd8 Rxd8 51. Nd3 c4 52. Nb2 c3 53. Nc4 Rd5 54.
Kf1 g5 55. hxg5+ Kxg5 56. Ne3 Rd2 57. Nxf5 Kxf5 58. Re2 Rxe2 59. Kxe2 Ke4 60.
f3+ Kd4 61. Kf2 f5 62. Ke2 Ke5 63. Kf2 Kd4 64. Ke2 Ke5 65. Kf2 Kf6 66. f4 Ke6
67. Ke3 Kd5 68. Kd3 Kc5 69. Ke3 1/2-1/2

[Event "International Championship of Central Se"]
[Site "Paracin, hotel "]
[Date "2016.07.12"]
[Round "6.45"]
[White "Samani, Yamac"]
[Black "Kisic, Bozidar"]
[Result "1-0"]
[WhiteElo "2083"]
[BlackElo "2215"]
[Annotator "Natasa"]
[PlyCount "88"]
[EventDate "2016.07.07"]

1. e4 g6 2. d4 Bg7 3. c4 c5 4. d5 b5 5. cxb5 a6 6. Nc3 d6 7. Nf3 Nf6 8. h3 O-O
9. a4 Nbd7 10. Be2 Ne8 11. O-O h6 12. Nd2 f5 13. exf5 gxf5 14. Ra3 Ne5 15. f4
Nd7 16. Nc4 axb5 17. Nxb5 Ndf6 18. Bf3 Nc7 19. Re1 Bb7 20. Nxc7 Qxc7 21. Ne3
Qd7 22. Qc2 Ne8 23. Bd2 Bd4 24. Bc3 Ng7 25. Qd1 Bxc3 26. bxc3 Ba6 27. Be2 Rf6
28. Bxa6 Rxa6 29. Nc4 Rg6 30. Kh2 Kh7 31. Qe2 Qb7 32. Ne3 e6 33. Qc2 Qf7 34.
Qd3 Ra7 35. dxe6 Rxe6 36. Raa1 Rae7 37. Nc2 Nh5 38. Qf3 Re4 39. Rxe4 fxe4 40.
Qg4 Qxf4+ 41. Qxf4 Nxf4 42. Ne3 Kg6 43. c4 Ra7 44. a5 Ne6 {unreadable} 1-0

[Event "International Championship of Central Se"]
[Site "Paracin, hotel "]
[Date "2016.07.12"]
[Round "6.46"]
[White "Dogan, Mire Deniz"]
[Black "Tisma, Ivan"]
[Result "0-1"]
[WhiteElo "2042"]
[BlackElo "2212"]
[PlyCount "86"]
[EventDate "2016.07.07"]

1. d4 Nf6 2. c4 e6 3. Nf3 Bb4+ 4. Bd2 c5 5. e3 O-O 6. Bd3 Nc6 7. dxc5 Bxc5 8.
Bc3 Bb4 9. O-O b6 10. Bc2 Ba6 11. Bd3 Be7 12. e4 d6 13. b4 Bb7 14. Re1 Nd7 15.
Nbd2 Nde5 16. Nxe5 dxe5 17. Nf3 Nxb4 18. Nxe5 f6 19. a3 Nxd3 20. Nxd3 Qc7 21.
Nb2 a5 22. Qg4 Qc6 23. Re3 Rf7 24. Qe2 Bc5 25. Rd3 f5 26. Rad1 Raf8 27. Qh5
Qxe4 28. Rg3 f4 29. Rg4 Bxf2+ 30. Kh1 g6 31. Qh3 e5 32. Nd3 Bd4 33. Re1 Qf5 34.
Bxd4 exd4 35. Re5 Qc8 36. Rh5 Rg7 37. Re5 f3 38. Nf2 fxg2+ 39. Kg1 Qxc4 40. Re1
Rxf2 41. Kxf2 Rf7+ 42. Kg3 Qc3+ 43. Kh4 Qxe1+ 0-1

[Event "International Championship of Central Se"]
[Site "Paracin, hotel "]
[Date "2016.07.12"]
[Round "6.47"]
[White "Stanojevic, Ilija"]
[Black "Stojkovska, Monika"]
[Result "1-0"]
[WhiteElo "2119"]
[BlackElo "2005"]
[PlyCount "163"]
[EventDate "2016.07.07"]

1. c4 c5 2. Nf3 Nc6 3. g3 g6 4. Bg2 Bg7 5. O-O e5 6. Nc3 Nge7 7. d3 O-O 8. a3
d6 9. Rb1 a5 10. Bd2 h6 11. Ne1 Be6 12. Nd5 Rb8 13. Nc2 b5 14. Nce3 b4 15. axb4
axb4 16. Re1 Bc8 17. Qc1 Kh7 18. b3 Nxd5 19. Nxd5 Bb7 20. f4 f5 21. fxe5 dxe5
22. Rf1 Ra8 23. Qd1 Ra2 24. Bc1 Rf7 25. Bb2 Qg5 26. Rf2 Ra7 27. Bc1 Qd8 28. e3
Ne7 29. e4 Nxd5 30. cxd5 Qd6 31. Qc2 Bc8 32. Be3 Ra5 33. Rc1 Bf8 34. Qd2 Rc7
35. h3 Ra3 36. Qb2 Bg7 37. Rfc2 Ra5 38. Bf2 Ba6 39. Bf1 Bc8 40. Kh2 Qe7 41. Bg1
Qd6 42. Ra1 Rxa1 43. Qxa1 f4 44. Qc1 fxg3+ 45. Kxg3 Bf8 46. Kh2 Qd7 47. Kh1 Ba6
48. Qe3 Bd6 49. Bh2 Qg7 50. Be2 Bc8 51. Bf1 Ra7 52. Bg1 Ra1 53. Qe2 Qf7 54. Bg2
Qa7 55. Kh2 Ra3 56. Rb2 Qf7 57. Be3 Ba6 58. Qd2 Qe7 59. Rb1 Qg7 60. Bf3 Bb5 61.
Bg4 Be8 62. Qc2 Qa7 63. Rb2 Bb5 64. Qd2 Qg7 65. Be6 Be8 66. Qc1 Ra5 67. Rc2 Qf8
68. Rf2 Qg7 69. Qf1 Ra7 70. Qc1 Ra5 71. Rg2 Bf8 72. Re2 Qe7 73. Qg1 Qd6 74. h4
Be7 75. Qg3 Qc7 76. Qg4 Bd6 77. Rg2 Qe7 78. h5 g5 79. Qf5+ Kh8 80. Rxg5 Ra2+
81. Kh3 hxg5 82. Bxg5 1-0

[Event "International Championship of Central Se"]
[Site "Paracin, hotel "]
[Date "2016.07.12"]
[Round "6.48"]
[White "Soilemetzidis, Konstantinos"]
[Black "Apontecastillo, Ernesto"]
[Result "0-1"]
[WhiteElo "2035"]
[BlackElo "2100"]
[PlyCount "39"]
[EventDate "2016.07.07"]

1. Nf3 d5 2. d4 Nf6 3. e3 g6 4. b3 Bg7 5. Bb2 c5 6. Bd3 O-O 7. Nbd2 cxd4 8.
exd4 Nc6 9. a3 Nh5 10. Ne5 Nf4 11. Bf1 Nxe5 12. dxe5 Qc7 13. Nf3 Bg4 14. Qd4
Bxf3 15. gxf3 Qxc2 16. Bc1 Ne6 17. Qe3 d4 18. Qd3 Qc6 19. Bg2 Nc5 20. Qd1 0-1

[Event "International Championship of Central Se"]
[Site "Paracin, hotel "]
[Date "2016.07.12"]
[Round "6.49"]
[White "Rabrenovic, Vladan"]
[Black "Cannesar, Rad"]
[Result "1-0"]
[WhiteElo "2369"]
[BlackElo "1892"]
[PlyCount "50"]
[EventDate "2016.07.07"]

1. d4 d5 2. c4 e6 3. Nc3 Nf6 4. Bg5 Nbd7 5. e3 Be7 6. Nf3 O-O 7. Rc1 c6 8. Bd3
dxc4 9. Bxc4 Nd5 10. Bxe7 Qxe7 11. O-O a6 12. Ne4 N5b6 13. Bb3 Rd8 14. Qc2 h6
15. Rfd1 a5 16. a3 Nd5 17. Ba2 e5 18. Bxd5 cxd5 19. Nc3 Qe6 20. Nb5 Rb8 21. Qc7
Re8 22. Nd6 e4 23. Ne5 Rf8 24. Nxc8 Nxe5 25. Ne7+ Kh8 1-0

[Event "International Championship of Central Se"]
[Site "Paracin, hotel "]
[Date "2016.07.12"]
[Round "6.50"]
[White "Radovic, Luka"]
[Black "Malinarski, Yehuda"]
[Result "1-0"]
[WhiteElo "2276"]
[BlackElo "2104"]
[PlyCount "63"]
[EventDate "2016.07.07"]

1. Nf3 Nf6 2. c4 g6 3. g3 Bg7 4. Bg2 O-O 5. O-O d5 6. d3 Nc6 7. Nc3 a6 8. cxd5
Nxd5 9. Bd2 h6 10. Nxd5 Qxd5 11. Bc3 Qd6 12. Bxg7 Kxg7 13. Nd2 Be6 14. Ne4 Qd4
15. Qc1 Bg4 16. Nc5 Bxe2 17. Re1 Bh5 18. Re4 Rad8 19. Rxd4 Nxd4 20. Kh1 b6 21.
Nb3 c5 22. Qe3 e6 23. Rc1 g5 24. Nxd4 Rxd4 25. Rc4 Rd7 26. h4 Rfd8 27. hxg5
hxg5 28. Qxg5+ Bg6 29. Rh4 Rxd3 30. Be4 Rd1+ 31. Kg2 f5 32. Rh6 1-0

[Event "International Championship of Central Se"]
[Site "Paracin, hotel "]
[Date "2016.07.12"]
[Round "6.51"]
[White "Petrovic, Marija"]
[Black "Suc, Timothy"]
[Result "1-0"]
[WhiteElo "2105"]
[BlackElo "2034"]
[PlyCount "55"]
[EventDate "2016.07.07"]

1. Nf3 d6 2. d4 g6 3. c3 Nf6 4. Bf4 Bg7 5. h3 O-O 6. Nbd2 c5 7. e3 Nc6 8. Be2
Nh5 9. Bh2 e5 10. dxe5 dxe5 11. g4 Nf6 12. Nc4 e4 13. Qxd8 Rxd8 14. Nfd2 b5 15.
Nd6 b4 16. c4 Ne8 17. N6xe4 Bxb2 18. Rd1 Ng7 19. Nxc5 Be6 20. Bf3 Rac8 21. Ke2
Na5 22. Nxe6 fxe6 23. Be4 Ne8 24. c5 Nf6 25. Bd6 Ne8 26. Nb3 Nxd6 27. Rxd6 Nc4
28. Rxe6 1-0